Entry Personal Name
Number of records used in: 1
001 - CONTROL NUMBER
003 - CONTROL NUMBER IDENTIFIER
005 - DATE AND TIME OF LATEST TRANSACTION
- control field:
20230915115157.0
008 - FIXED-LENGTH DATA ELEMENTS
- fixed length control field:
990722n| acannaabn |n aaa |||
010 ## - LIBRARY OF CONGRESS CONTROL NUMBER
- LC control number:
n 99053179
040 ## - CATALOGING SOURCE
- Original cataloging agency:
DLC
- Language of cataloging:
eng
- Transcribing agency:
DLC
100 1# - HEADING--PERSONAL NAME
- Personal name:
Colvin, A. Vonnie,
- Dates associated with a name:
1951-
670 ## - SOURCE DATA FOUND
- Source citation:
Teaching the nuts and bolts of ... c2000:
- Information found:
CIP t.p. (A. Vonnie Colvin, Ed.D., Univ. of Kentucky) data sheet (b. June 5, 1951)